[Event "DEM U10/U10w 2014"]
[Site "Magdeburg GER"]
[Date "2014.06.11"]
[Round "7"]
[White "Heutling, Elina"]
[Black "Morgenstern, Tobias"]
[Result "0-1"]
[Termination "normal"]
[Board "46"]
[WhiteElo "962"]
[BlackElo "1073"]
[PlyCount "58"]
[WhiteFideId "16244729"]
[BlackFideId "12974390"]
[EventCountry "GER"]
[EventRounds "11"]
[EventType "swiss"]
[EventDate "2014.06.07"]

1. e4 e5 2. Nf3 Nc6 3. Bc4 Bc5 4. Nc3 Nf6 5. d3 d6 6. Bg5 h6 7. Bh4 g5 8. Bg3
Bg4 9. h3 Bh5 10. Bh2 g4 11. hxg4 Bxg4 12. Qd2 Qe7 13. O-O-O O-O-O 14. Bg3 Nd4
15. Bh4 Nxf3 16. gxf3 Bxf3 17. Rhg1 Bxd1 18. Qxd1 Rhg8 19. Nd5 Qf8 20. Bxf6 Rd7
21. Rxg8 Qxg8 22. Ne7+ Rxe7 23. Bxe7 Qg7 24. Qf3 Qg1+ 25. Kd2 Bxf2 26. Kc3 Be1+
27. Kb3 Qb6+ 28. Bb5 Qxb5+ 29. Ka3 Qb4# 0-1

[Event "DEM U10/U10w 2014"]
[Site "Magdeburg GER"]
[Date "2014.06.11"]
[Round "7"]
[White "Ultsch, Paul"]
[Black "Kind, Swantje"]
[Result "0-1"]
[Termination "normal"]
[Board "47"]
[WhiteElo "1024"]
[BlackElo "938"]
[PlyCount "80"]
[WhiteFideId "12955965"]
[EventCountry "GER"]
[EventRounds "11"]
[EventType "swiss"]
[EventDate "2014.06.07"]

1. e4 e5 2. Nf3 Nc6 3. Nc3 Bc5 4. Bc4 d6 5. d3 Bg4 6. O-O Qe7 7. h3 Bh5 8. Bg5
Qd7 9. Bd2 O-O-O 10. Nd5 Nd4 11. Kh2 Nxf3+ 12. gxf3 Ne7 13. Bg5 f6 14. Be3 Bxe3
15. fxe3 Nxd5 16. exd5 Rde8 17. e4 f5 18. Qe2 c6 19. dxc6 bxc6 20. Qg2 d5 21.
exd5 cxd5 22. Bb3 e4 23. dxe4 dxe4 24. fxe4 fxe4 25. Qf2 Qc7+ 26. Kg2 Re5 27.
Rae1 Rg5+ 28. Kh1 Bf3+ 29. Qxf3 exf3 30. Be6+ Kb8 31. Re3 Qxc2 32. Rb3+ Rb5 33.
Rxb5+ Kc7 34. Rc5+ Qxc5 35. Rxf3 Qc6 36. Bd5 Qxd5 37. Kg2 Rf8 38. Kf1 Qxf3+ 39.
Ke1 Qg2 40. Kd1 Rf1# 0-1

[Event "DEM U10/U10w 2014"]
[Site "Magdeburg GER"]
[Date "2014.06.11"]
[Round "7"]
[White "Bossert, Moritz"]
[Black "Münch, Michelle"]
[Result "1-0"]
[Termination "normal"]
[Board "49"]
[WhiteElo "953"]
[BlackElo "858"]
[PlyCount "81"]
[WhiteFideId "16239946"]
[EventCountry "GER"]
[EventRounds "11"]
[EventType "swiss"]
[EventDate "2014.06.07"]

1. d4 d5 2. c4 e6 3. e3 Nf6 4. Nc3 Bb4 5. Bd2 Nc6 6. c5 Ne4 7. a3 Bxc3 8. Bxc3
O-O 9. Bb5 Bd7 10. Ne2 a6 11. Ba4 e5 12. O-O exd4 13. exd4 b5 14. cxb6 cxb6 15.
Qb3 Qg5 16. Qxb6 Rfb8 17. Qc7 Bh3 18. Ng3 Nxg3 19. fxg3 Qe3+ 20. Rf2 Nxd4 21.
Bxd4 Qxd4 22. Bc6 Rxb2 23. Qxf7+ Kh8 24. Bxa8 Qxf2+ 25. Qxf2 Rxf2 26. Kxf2 Be6
27. Ke2 Bg4+ 28. Ke3 Be6 29. Rf1 h6 30. Kd4 Kg8 31. Bxd5 Bxd5 32. Kxd5 a5 33.
Ke6 a4 34. h4 h5 35. Rf5 g6 36. Rf7 g5 37. Kf6 gxh4 38. gxh4 Kh8 39. Kg6 Kg8
40. g3 Kh8 41. Rf8# 1-0

[Event "DEM U10/U10w 2014"]
[Site "Magdeburg GER"]
[Date "2014.06.12"]
[Round "8"]
[White "Post, Hugo"]
[Black "Keymer, Vincent"]
[Result "0-1"]
[Termination "normal"]
[Board "1"]
[WhiteElo "1682"]
[BlackElo "2036"]
[WhiteClock "00:24:53"]
[BlackClock "01:02:51"]
[PlyCount "58"]
[WhiteFideId "12962490"]
[BlackFideId "12940690"]
[EventCountry "GER"]
[EventRounds "11"]
[EventType "swiss"]
[EventDate "2014.06.07"]

1. e4 c5 2. Nf3 d6 3. d4 Nf6 4. Nc3 cxd4 5. Nxd4 a6 6. h3 e5 7. Nde2 h5 8. Be3
Be6 9. f4 Nbd7 10. f5 Bc4 11. b3 Bxe2 12. Bxe2 Rc8 13. Nd5 Nxe4 14. O-O Ndf6
15. Bb6 Qd7 16. Bc4 Nxd5 17. Qxd5 Nf6 18. Qd2 d5 19. Be2 Qc6 20. Be3 Ne4 21.
Qe1 Bc5 22. Bxc5 Qxc5+ 23. Kh2 Qxc2 24. Rc1 Qxc1 25. Qxc1 Rxc1 26. Rxc1 Kd7 27.
Bf3 Nf6 28. Rd1 e4 29. Be2 Rc8 0-1

[Event "DEM U10/U10w 2014"]
[Site "Magdeburg GER"]
[Date "2014.06.12"]
[Round "8"]
[White "Li, Simon"]
[Black "Trifan, Andrei Ioan"]
[Result "1-0"]
[Termination "normal"]
[Board "2"]
[WhiteElo "1814"]
[BlackElo "1689"]
[WhiteClock "00:27:08"]
[BlackClock "00:19:03"]
[PlyCount "69"]
[WhiteFideId "12972134"]
[BlackFideId "12967068"]
[EventCountry "GER"]
[EventRounds "11"]
[EventType "swiss"]
[EventDate "2014.06.07"]

1. e4 e5 2. Nf3 Nc6 3. Bc4 Nf6 4. Ng5 d5 5. exd5 Nd4 6. d6 Qxd6 7. Bxf7+ Ke7 8.
Bb3 Nxb3 9. axb3 h6 10. Nf3 e4 11. Ng1 Kf7 12. Ne2 Bg4 13. O-O Nh5 14. h3 Bf3
15. gxf3 Qe6 16. Ng3 e3 17. Nxh5 e2 18. Qe1 Bd6 19. Ng3 exf1=Q+ 20. Qxf1 Qg6
21. Qc4+ Kf8 22. Qe4 Qf6 23. Qxb7 Re8 24. Nc3 h5 25. Ra4 Re1+ 26. Kg2 g6 27.
Nce4 Qe7 28. Nxd6 Qxd6 29. Ne4 Qf4 30. Rc4 Rh7 31. Qb8+ Ke7 32. Rxc7+ Ke6 33.
Rc6+ Kd5 34. Rc5+ Kd4 35. Qxf4 1-0

[Event "DEM U10/U10w 2014"]
[Site "Magdeburg GER"]
[Date "2014.06.12"]
[Round "8"]
[White "Hinrichs, Paul"]
[Black "Brunner, Sophia"]
[Result "0-1"]
[Termination "normal"]
[Board "3"]
[WhiteElo "1532"]
[BlackElo "1339"]
[WhiteClock "00:35:57"]
[BlackClock "00:05:37"]
[PlyCount "64"]
[WhiteFideId "12942545"]
[BlackFideId "12960683"]
[EventCountry "GER"]
[EventRounds "11"]
[EventType "swiss"]
[EventDate "2014.06.07"]

1. d4 Nf6 2. c4 c5 3. d5 b5 4. cxb5 a6 5. bxa6 g6 6. Nc3 Bxa6 7. Nf3 d6 8. g3
Bg7 9. Bg2 O-O 10. O-O Nbd7 11. Re1 Ng4 12. Bf4 Bc4 13. h3 Nge5 14. Nxe5 Nxe5
15. Qc2 Qb6 16. b3 Ba6 17. Rab1 Nd7 18. e4 Bb7 19. Nd1 Ra7 20. Ne3 Rfa8 21. Nc4
Qc7 22. a4 Ba6 23. Rec1 Rb7 24. Bf1 Bxc4 25. Bxc4 Rab8 26. Qd3 Qa5 27. Bd2 Qd8
28. f4 Nb6 29. Bb5 Nd7 30. Bc3 Qb6 31. Bxg7 Kxg7 32. Bxd7 c4+ 0-1

[Event "DEM U10/U10w 2014"]
[Site "Magdeburg GER"]
[Date "2014.06.12"]
[Round "8"]
[White "Svane, Frederik"]
[Black "Asadzade, Idris"]
[Result "1-0"]
[Termination "normal"]
[Board "4"]
[WhiteElo "1801"]
[BlackElo "1448"]
[WhiteClock "01:12:21"]
[BlackClock "00:12:50"]
[PlyCount "101"]
[WhiteFideId "12923044"]
[BlackFideId "12997285"]
[EventCountry "GER"]
[EventRounds "11"]
[EventType "swiss"]
[EventDate "2014.06.07"]

1. e4 e6 2. d4 d5 3. Nd2 Nf6 4. e5 Nfd7 5. f4 c5 6. c3 Nc6 7. Ndf3 cxd4 8. cxd4
Bb4+ 9. Kf2 Qb6 10. g3 g5 11. Nxg5 Qxd4+ 12. Qxd4 Nxd4 13. Bd3 h6 14. N5f3 Bc5
15. Be3 Nxf3 16. Nxf3 Bxe3+ 17. Kxe3 Nb6 18. Rhc1 Kd8 19. Rc2 Bd7 20. Rac1 Rc8
21. b3 Ke7 22. f5 Rxc2 23. f6+ Kd8 24. Rxc2 a6 25. g4 Rg8 26. Kf4 Nc8 27. g5
hxg5+ 28. Nxg5 Be8 29. Bh7 Rh8 30. Kg4 Rf8 31. Kh5 Bc6 32. Kh6 Nb6 33. Kg7 Nd7
34. Nxf7+ Kc7 35. Ng5 Kb6 36. Nxe6 Rb8 37. f7 Kb5 38. Nd4+ Kb6 39. e6 Nf8 40.
e7 Nxh7 41. Rxc6+ bxc6 42. e8=Q Nf6 43. Qxb8+ Kc5 44. f8=Q+ Kxd4 45. Qxf6+ Kd3
46. Qg3+ Kc2 47. Qfc3+ Kb1 48. Qge1+ Kxa2 49. b4 c5 50. Qed2+ Kb1 51. Qdc2# 1-0

[Event "DEM U10/U10w 2014"]
[Site "Magdeburg GER"]
[Date "2014.06.12"]
[Round "8"]
[White "Deleré, Adrian"]
[Black "Weishäutel, Moritz"]
[Result "1/2-1/2"]
[Termination "normal"]
[Board "5"]
[WhiteElo "1447"]
[BlackElo "1801"]
[WhiteClock "00:36:49"]
[BlackClock "00:25:43"]
[PlyCount "56"]
[WhiteFideId "12990400"]
[BlackFideId "12967300"]
[EventCountry "GER"]
[EventRounds "11"]
[EventType "swiss"]
[EventDate "2014.06.07"]

1. e4 e5 2. Nf3 Nc6 3. d4 exd4 4. Nxd4 Bc5 5. Be3 Qf6 6. c3 Nge7 7. Bc4 O-O 8.
O-O b6 9. f4 d5 10. Bxd5 Nxd5 11. exd5 Ne7 12. b4 Nxd5 13. Qf3 Nxe3 14. Qxe3
Bxd4 15. Qxd4 Qxd4+ 16. cxd4 Ba6 17. Re1 Rad8 18. Rd1 Rfe8 19. Nc3 g6 20. Kf2
Kg7 21. Rd2 c5 22. bxc5 bxc5 23. d5 Kf6 24. Re1 Rxe1 25. Kxe1 Kf5 26. g3 Kg4
27. Kf2 h5 28. Kg2 Kf5 1/2-1/2

[Event "DEM U10/U10w 2014"]
[Site "Magdeburg GER"]
[Date "2014.06.12"]
[Round "8"]
[White "Dobrikov, Marco"]
[Black "Weihrauch, Jakob"]
[Result "1-0"]
[Termination "normal"]
[Board "6"]
[WhiteElo "1695"]
[BlackElo "1220"]
[WhiteClock "00:52:16"]
[BlackClock "01:12:44"]
[PlyCount "41"]
[WhiteFideId "12950378"]
[BlackFideId "16210115"]
[EventCountry "GER"]
[EventRounds "11"]
[EventType "swiss"]
[EventDate "2014.06.07"]

1. e4 d5 2. exd5 Qxd5 3. Nc3 Qa5 4. Bc4 Nf6 5. d3 c6 6. Nge2 g6 7. O-O Bg7 8.
Bd2 O-O 9. Re1 Qc7 10. h3 b5 11. Bb3 Nbd7 12. a3 Bb7 13. Nd4 Nb6 14. Nf3 a6 15.
Qc1 Rfe8 16. Bf4 Qd8 17. Qd2 Nbd5 18. Bh6 Bh8 19. Qe2 Nxc3 20. Bxf7+ Kxf7 21.
Qe6# 1-0

[Event "DEM U10/U10w 2014"]
[Site "Magdeburg GER"]
[Date "2014.06.12"]
[Round "8"]
[White "Kirchner, Markus"]
[Black "Krastev, Alexander"]
[Result "1/2-1/2"]
[Termination "normal"]
[Board "7"]
[WhiteElo "1409"]
[BlackElo "1599"]
[PlyCount "97"]
[WhiteFideId "12979163"]
[BlackFideId "12989983"]
[EventCountry "GER"]
[EventRounds "11"]
[EventType "swiss"]
[EventDate "2014.06.07"]

1. e4 e5 2. Nf3 Nc6 3. Bc4 Bc5 4. c3 Nf6 5. d3 d6 6. Nbd2 Be6 7. Bxe6 fxe6 8.
O-O O-O 9. Ng5 Qd7 10. Qb3 Rae8 11. Qxb7 Bb6 12. Qa6 Na5 13. b4 Qc6 14. Kh1 Nb7
15. Qc4 Qxc4 16. Nxc4 Ng4 17. Nxb6 axb6 18. Nf3 h6 19. h3 Nf6 20. Be3 Nd8 21.
b5 Nb7 22. a4 Ra8 23. Ra2 Ra5 24. Nd2 Rfa8 25. Rfa1 Nd7 26. Nb3 R5a7 27. c4 Na5
28. Nxa5 Rxa5 29. Bd2 R5a7 30. Bb4 Nc5 31. Bxc5 dxc5 32. Kh2 Rd8 33. Ra3 Ra5
34. Kg3 g5 35. h4 Kg7 36. hxg5 hxg5 37. Kg4 Kg6 38. g3 Rf8 39. f3 Rh8 40. R3a2
Kf6 41. Rf2 Rha8 42. f4 exf4 43. gxf4 gxf4 44. Rxf4+ Ke5 45. Rf7 Kd6 46. e5+
Kxe5 47. Rxc7 Rb8 48. Rc6 Ra7 49. Kf3 1/2-1/2

[Event "DEM U10/U10w 2014"]
[Site "Magdeburg GER"]
[Date "2014.06.12"]
[Round "8"]
[White "Wu, Leon"]
[Black "Hundrieser, Malte"]
[Result "0-1"]
[Termination "normal"]
[Board "8"]
[WhiteElo "1568"]
[BlackElo "1429"]
[PlyCount "100"]
[WhiteFideId "12977438"]
[BlackFideId "12997153"]
[EventCountry "GER"]
[EventRounds "11"]
[EventType "swiss"]
[EventDate "2014.06.07"]

1. e4 e5 2. Nf3 Nc6 3. Bb5 a6 4. Ba4 Nge7 5. c3 b5 6. Bc2 g6 7. d4 exd4 8. cxd4
Bg7 9. O-O O-O 10. Be3 d6 11. h3 Na5 12. Nbd2 Bb7 13. Rb1 Re8 14. Nh2 Nc8 15.
f4 Nb6 16. b3 Nc6 17. Nhf3 Nb4 18. a3 Na2 19. Qe1 Nc3 20. Rc1 Nxe4 21. Nxe4
Bxe4 22. Bxe4 Rxe4 23. Ng5 Re7 24. Qd2 Qd7 25. Nf3 Rae8 26. Rfe1 Nd5 27. Bf2
Rxe1+ 28. Rxe1 Rxe1+ 29. Bxe1 Qe6 30. Kh2 Ne3 31. Bf2 Nf1+ 32. Kg1 Nxd2 33.
Nxd2 Qd5 34. Nf3 Qxb3 35. Kh2 Qxa3 36. Bh4 Qc1 37. Bg3 b4 38. h4 b3 39. d5 b2
40. Ne1 b1=Q 41. Kh3 Qe3 42. Kh2 Bd4 43. Nf3 Qec1 44. Ne1 Bc3 45. f5 Bxe1 46.
fxg6 Bxg3+ 47. Kxg3 Qd3+ 48. Kh2 Qf4+ 49. g3 Qe2+ 50. Kh3 Qfg4# 0-1

[Event "DEM U10/U10w 2014"]
[Site "Magdeburg GER"]
[Date "2014.06.12"]
[Round "8"]
[White "Bui, Bao Anh Le"]
[Black "Nguyen, Alex Dac-Vuong"]
[Result "0-1"]
[Termination "normal"]
[Board "9"]
[WhiteElo "1551"]
[BlackElo "1812"]
[PlyCount "66"]
[WhiteFideId "12970719"]
[BlackFideId "12984388"]
[EventCountry "GER"]
[EventRounds "11"]
[EventType "swiss"]
[EventDate "2014.06.07"]

1. e4 e6 2. d4 d5 3. Nc3 Bb4 4. exd5 exd5 5. Bd3 Ne7 6. a3 Bd6 7. Qf3 c6 8.
Nge2 O-O 9. O-O Ng6 10. Qh5 Nd7 11. Bg5 Nf6 12. Bxf6 Qxf6 13. f4 Bd7 14. Nd1 h6
15. f5 Ne7 16. Ne3 Qg5 17. Qxg5 hxg5 18. Rf3 f6 19. c4 c5 20. cxd5 cxd4 21.
Nxd4 Bc5 22. Ne6 Bxe6 23. dxe6 Rfd8 24. Bc4 Rd4 25. Rc1 g4 26. Rg3 Nxf5 27. e7+
Rxc4 28. Rxc4 Bxe3+ 29. Rxe3 Nxe3 30. Re4 Kf7 31. Rxe3 Re8 32. Re4 f5 33. g3
fxe4 0-1

[Event "DEM U10/U10w 2014"]
[Site "Magdeburg GER"]
[Date "2014.06.12"]
[Round "8"]
[White "Gelfenbaum, Daniel"]
[Black "Sulayev, Daniel"]
[Result "1-0"]
[Termination "normal"]
[Board "10"]
[WhiteElo "1719"]
[BlackElo "1584"]
[PlyCount "51"]
[WhiteFideId "12965634"]
[BlackFideId "12977675"]
[EventCountry "GER"]
[EventRounds "11"]
[EventType "swiss"]
[EventDate "2014.06.07"]

1. e4 d6 2. d4 Nf6 3. Nc3 g6 4. Nf3 Bg7 5. Bc4 O-O 6. O-O Nxe4 7. Nxe4 d5 8.
Bd3 dxe4 9. Bxe4 Nd7 10. c3 c5 11. Bg5 cxd4 12. Nxd4 Nf6 13. Bc2 Qc7 14. h3 a6
15. Qe2 e6 16. Rfe1 Bd7 17. Rad1 Rac8 18. Qf3 Nd5 19. Be4 Bc6 20. c4 Nb6 21.
Bf6 Bxe4 22. Rxe4 Nxc4 23. Bxg7 Kxg7 24. Qc3 Nd6 25. Nxe6+ Kg8 26. Qg7# 1-0

[Event "DEM U10/U10w 2014"]
[Site "Magdeburg GER"]
[Date "2014.06.12"]
[Round "8"]
[White "Bethke, Richard"]
[Black "Taras, Simon"]
[Result "1-0"]
[Termination "normal"]
[Board "11"]
[WhiteElo "1627"]
[BlackElo "1319"]
[PlyCount "53"]
[WhiteFideId "12959243"]
[BlackFideId "12970972"]
[EventCountry "GER"]
[EventRounds "11"]
[EventType "swiss"]
[EventDate "2014.06.07"]

1. e4 e6 2. d4 d5 3. Nd2 c5 4. c3 a6 5. a4 Nc6 6. Ngf3 cxd4 7. cxd4 Bb4 8. e5
Qb6 9. Bd3 Nxd4 10. O-O Nxf3+ 11. Nxf3 Ne7 12. Bb1 Ng6 13. Qd3 Qc7 14. Be3 Nxe5
15. Qd4 Bd6 16. Rc1 Qb8 17. Nxe5 Bxe5 18. Rxc8+ Qxc8 19. Qxe5 f6 20. Qh5+ Ke7
21. Bd4 Qe8 22. Bc5+ Kd7 23. Qg4 g5 24. Bd4 h5 25. Qf3 Rf8 26. Bc5 g4 27. Qf4
1-0

[Event "DEM U10/U10w 2014"]
[Site "Magdeburg GER"]
[Date "2014.06.12"]
[Round "8"]
[White "Musiolik, David"]
[Black "Hommel, Niclas"]
[Result "1/2-1/2"]
[Termination "normal"]
[Board "12"]
[WhiteElo "1435"]
[BlackElo "1575"]
[PlyCount "138"]
[WhiteFideId "12972355"]
[BlackFideId "12974927"]
[EventCountry "GER"]
[EventRounds "11"]
[EventType "swiss"]
[EventDate "2014.06.07"]

1. d4 Nf6 2. e3 e6 3. Nf3 d5 4. Nbd2 c5 5. b3 Nc6 6. Bb2 Be7 7. a3 O-O 8. Bd3
a6 9. O-O b5 10. dxc5 Bxc5 11. b4 Bd6 12. e4 dxe4 13. Bxf6 gxf6 14. Nxe4 f5 15.
Nxd6 Qxd6 16. Nd2 Ne5 17. Be2 Bb7 18. Nb3 Qxd1 19. Rfxd1 Bd5 20. Nc5 Kh8 21. f3
Rg8 22. Kf2 Ng6 23. Rd2 Nf4 24. g3 Nh3+ 25. Kg2 Nf4+ 26. Kf2 Nxe2 27. Rxe2 a5
28. Rc1 axb4 29. axb4 Rgd8 30. Rd2 Rdc8 31. c3 Ra7 32. Ke3 Rca8 33. Rdc2 Ra2
34. f4 Kg7 35. Kf2 Ra1 36. Rxa1 Rxa1 37. h4 Rh1 38. Re2 Rc1 39. Re3 Rc2+ 40.
Kf1 Kh6 41. Nd7 Bc4+ 42. Kg1 Rc1+ 43. Kf2 Rc2+ 44. Kg1 Kg7 45. Ne5 Bd5 46. Kf1
f6 47. Nf3 Bxf3 48. Rxf3 Kf7 49. Ke1 Kg6 50. Kd1 Rg2 51. Ke1 e5 52. fxe5 fxe5
53. Rd3 e4 54. Rd6+ Kh5 55. Rd5 Rxg3 56. Rxf5+ Kxh4 57. Rxb5 Rxc3 58. Re5 Rc4
59. b5 Rb4 60. b6 Kg3 61. Rh5 Rxb6 62. Rxh7 Kf3 63. Rh3+ Kg4 64. Re3 Kf4 65.
Ra3 Rb1+ 66. Ke2 Rb2+ 67. Ke1 Rb1+ 68. Ke2 Rh1 69. Rb3 Rh2+ 1/2-1/2

[Event "DEM U10/U10w 2014"]
[Site "Magdeburg GER"]
[Date "2014.06.12"]
[Round "8"]
[White "Hassemeier, Mika"]
[Black "Bergauz, Igal"]
[Result "1-0"]
[Termination "normal"]
[Board "13"]
[WhiteElo "1409"]
[BlackElo "1783"]
[PlyCount "49"]
[WhiteFideId "12994880"]
[BlackFideId "12977284"]
[EventCountry "GER"]
[EventRounds "11"]
[EventType "swiss"]
[EventDate "2014.06.07"]

1. c4 e6 2. d4 d5 3. Nc3 Nf6 4. Nf3 Be7 5. Bg5 O-O 6. e3 b6 7. Bd3 dxc4 8. Bxc4
Bb7 9. O-O Nbd7 10. Rc1 Re8 11. Qe2 h6 12. Bh4 Nf8 13. Ne5 a6 14. Rfd1 b5 15.
Bb3 b4 16. Na4 N8d7 17. Nc6 Bxc6 18. Rxc6 Qc8 19. Rdc1 Bd8 20. Bxf6 gxf6 21.
Qg4+ Kh7 22. Qh5 f5 23. Qxf7+ Kh8 24. Qxe8+ Kg7 25. Qxe6 1-0

[Event "DEM U10/U10w 2014"]
[Site "Magdeburg GER"]
[Date "2014.06.12"]
[Round "8"]
[White "Kosev, Momchil"]
[Black "Mimkes, Pavel"]
[Result "1/2-1/2"]
[Termination "normal"]
[Board "14"]
[WhiteElo "1483"]
[BlackElo "1271"]
[PlyCount "54"]
[WhiteFideId "12975982"]
[BlackFideId "12990833"]
[EventCountry "GER"]
[EventRounds "11"]
[EventType "swiss"]
[EventDate "2014.06.07"]

1. d4 d5 2. g3 Bf5 3. Bg2 e6 4. e3 Nf6 5. Ne2 Bd6 6. O-O Nbd7 7. b3 c6 8. a4
Qc7 9. Ba3 Bxa3 10. Nxa3 O-O-O 11. c4 h5 12. h3 Rh7 13. c5 Rdh8 14. b4 Rh6 15.
f3 g5 16. b5 g4 17. h4 gxf3 18. Bxf3 Be4 19. bxc6 bxc6 20. a5 Rg6 21. Nb1 Rxg3+
22. Nxg3 Qxg3+ 23. Kh1 Qh3+ 24. Kg1 Qg3+ 25. Kh1 Qh3+ 26. Kg1 Qg3+ 27. Kh1 Qh3+
1/2-1/2

[Event "DEM U10/U10w 2014"]
[Site "Magdeburg GER"]
[Date "2014.06.12"]
[Round "8"]
[White "Schnabel, Luise"]
[Black "Evering, Sören"]
[Result "0-1"]
[Termination "normal"]
[Board "15"]
[WhiteElo "1369"]
[BlackElo "1424"]
[PlyCount "94"]
[WhiteFideId "12943347"]
[BlackFideId "12974650"]
[EventCountry "GER"]
[EventRounds "11"]
[EventType "swiss"]
[EventDate "2014.06.07"]

1. e4 e5 2. Nf3 Nc6 3. Bc4 Nf6 4. d4 exd4 5. e5 d5 6. exf6 dxc4 7. O-O Be6 8.
Re1 Qxf6 9. Ng5 Be7 10. Nxe6 fxe6 11. Qe2 O-O 12. Qxe6+ Qxe6 13. Rxe6 Rae8 14.
Re4 Bh4 15. Rxe8 Rxe8 16. Bd2 Bf6 17. g3 d3 18. c3 b5 19. Be3 a6 20. Nd2 b4 21.
Nxc4 bxc3 22. bxc3 Bxc3 23. Rc1 Bf6 24. Nd6 cxd6 25. Rxc6 Rd8 26. Bd2 a5 27.
Ra6 Rb8 28. Rxd6 Rb1+ 29. Kg2 Rd1 30. Rxd3 Bb2 31. Kf3 Ra1 32. Rb3 Rxa2 33. Bc3
Bxc3 34. Rxc3 Ra1 35. Ke3 a4 36. h4 a3 37. Kd3 a2 38. Rc8+ Kf7 39. Rc7+ Ke8 40.
Ra7 Rd1+ 41. Ke3 a1=Q 42. Rxa1 Rxa1 43. Kf4 Kf7 44. Kg4 Kf8 45. f4 g6 46. h5
gxh5+ 47. Kxh5 Rh1+ 0-1

[Event "DEM U10/U10w 2014"]
[Site "Magdeburg GER"]
[Date "2014.06.12"]
[Round "8"]
[White "Grund, Sebastian"]
[Black "Prieb, Robert"]
[Result "1-0"]
[Termination "normal"]
[Board "16"]
[WhiteElo "1424"]
[BlackElo "1260"]
[PlyCount "67"]
[WhiteFideId "12988626"]
[BlackFideId "16212002"]
[EventCountry "GER"]
[EventRounds "11"]
[EventType "swiss"]
[EventDate "2014.06.07"]

1. Nf3 c5 2. g3 Nc6 3. c4 g6 4. Bg2 Bg7 5. O-O e6 6. Nc3 Nge7 7. Ne4 d6 8. Rb1
O-O 9. a3 f5 10. Nc3 d5 11. cxd5 exd5 12. b4 b6 13. bxc5 bxc5 14. Na4 Qd6 15.
Bb2 d4 16. Qc2 Bd7 17. Qxc5 Qd5 18. Nxd4 Qxc5 19. Nxc5 Bxd4 20. Bxd4 Rad8 21.
Nxd7 Rxd7 22. Bc5 Re8 23. Rb2 Nd5 24. d3 Ne5 25. Bxa7 Rxa7 26. Bxd5+ Kg7 27.
Ra1 Nf7 28. a4 Nd6 29. a5 Re5 30. e4 fxe4 31. dxe4 Nxe4 32. Rb7+ Re7 33. Rxa7
Rxa7 34. Bxe4 1-0

[Event "DEM U10/U10w 2014"]
[Site "Magdeburg GER"]
[Date "2014.06.12"]
[Round "8"]
[White "Astner, Sebastian"]
[Black "Ackermann, Richard"]
[Result "1/2-1/2"]
[Termination "normal"]
[Board "17"]
[WhiteElo "1389"]
[BlackElo "1239"]
[PlyCount "115"]
[WhiteFideId "12979422"]
[BlackFideId "12987026"]
[EventCountry "GER"]
[EventRounds "11"]
[EventType "swiss"]
[EventDate "2014.06.07"]

1. e4 e5 2. Nf3 Nc6 3. Bc4 Nf6 4. Ng5 d5 5. exd5 Na5 6. Bb5+ c6 7. dxc6 bxc6 8.
Be2 h6 9. Nf3 Bd6 10. O-O O-O 11. d3 Bb7 12. Bd2 c5 13. Nc3 Nc6 14. Re1 Ne7 15.
Bf1 Ng6 16. g3 Re8 17. Bg2 Re6 18. b3 Qb6 19. Na4 Qc7 20. Bc3 Rae8 21. Nb2 e4
22. dxe4 Nxe4 23. Bd2 Nxd2 24. Qxd2 Ne5 25. Nxe5 Rxe5 26. Rxe5 Bxe5 27. Re1
Bxg2 28. Nd3 Bc6 29. f4 Bd4+ 30. Kf1 Rxe1+ 31. Kxe1 Qe7+ 32. Kf1 Bd7 33. Qe2
Bh3+ 34. Ke1 Qxe2+ 35. Kxe2 Bf5 36. Ne1 Bc3 37. Nf3 Bxc2 38. Nd2 Bxd2 39. Kxd2
Bb1 40. a3 Ba2 41. b4 cxb4 42. axb4 Kf8 43. Kd3 Ke7 44. Kd4 Kf6 45. g4 g5 46.
f5 Bb1 47. Kc5 Bxf5 48. gxf5 Kxf5 49. Kb5 Ke5 50. Ka6 f5 51. Kxa7 f4 52. b5 f3
53. b6 f2 54. b7 f1=Q 55. b8=Q+ Kd4 56. Qb6+ Ke4 57. Qe6+ Kd4 58. Qb6+ 1/2-1/2

[Event "DEM U10/U10w 2014"]
[Site "Magdeburg GER"]
[Date "2014.06.12"]
[Round "8"]
[White "Khamenya, Vitalia"]
[Black "Pauls, Fynn"]
[Result "1/2-1/2"]
[Termination "normal"]
[Board "18"]
[WhiteElo "1230"]
[BlackElo "1382"]
[PlyCount "65"]
[WhiteFideId "12959260"]
[BlackFideId "16213149"]
[EventCountry "GER"]
[EventRounds "11"]
[EventType "swiss"]
[EventDate "2014.06.07"]

1. e4 e5 2. f4 exf4 3. Nf3 g5 4. Bc4 Bg7 5. d4 h6 6. O-O Ne7 7. Qd3 O-O 8. Nc3
d6 9. Re1 Nbc6 10. Nd5 Ng6 11. e5 Kh8 12. exd6 cxd6 13. c3 Na5 14. Bb3 Nxb3 15.
axb3 b6 16. Nb4 Bb7 17. Nd2 Re8 18. Rf1 Qe7 19. Nc4 d5 20. Nd2 Qe3+ 21. Qxe3
fxe3 22. Nf3 e2 23. Re1 a5 24. Nd3 Ba6 25. Nf2 f5 26. h3 Bf8 27. Bd2 Bd6 28.
Nh1 Kg7 29. g4 fxg4 30. hxg4 Bf4 31. Bc1 Bxc1 32. Rexc1 Bb5 33. Ng3 1/2-1/2

[Event "DEM U10/U10w 2014"]
[Site "Magdeburg GER"]
[Date "2014.06.12"]
[Round "8"]
[White "Zeuner, Ole"]
[Black "Englert, Jon"]
[Result "0-1"]
[Termination "normal"]
[Board "19"]
[WhiteElo "1154"]
[BlackElo "1375"]
[PlyCount "164"]
[WhiteFideId "12943576"]
[BlackFideId "12992275"]
[EventCountry "GER"]
[EventRounds "11"]
[EventType "swiss"]
[EventDate "2014.06.07"]

1. e4 d6 2. d4 Nf6 3. Nc3 g6 4. Be3 Bg7 5. Qd2 c6 6. Nf3 Bg4 7. Be2 Bxf3 8.
Bxf3 Nbd7 9. Bh6 Bxh6 10. Qxh6 Qb6 11. O-O-O O-O-O 12. Rhe1 e5 13. Qe3 Rhe8 14.
d5 Qxe3+ 15. Rxe3 cxd5 16. Nxd5 Nxd5 17. exd5 f5 18. Be2 Nf6 19. f3 Kb8 20. Kb1
Rc8 21. c4 Re7 22. Rc1 b6 23. Rec3 Rec7 24. b3 Nxd5 25. R3c2 Nf6 26. Rd2 d5 27.
Rcd1 d4 28. Kb2 Rd7 29. Bf1 Rcd8 30. Kc2 Kb7 31. g3 a6 32. a3 a5 33. Rf2 Kc7
34. Bd3 Rd6 35. Re1 Re8 36. Rfe2 Rde6 37. Kd2 Kd6 38. b4 axb4 39. axb4 e4 40.
fxe4 fxe4 41. Bb1 e3+ 42. Kc1 Ne4 43. Bxe4 Rxe4 44. Kc2 R4e6 45. Kd3 Ke5 46.
Ra1 Rd6 47. Ra7 h5 48. h3 Rf6 49. Ra6 Ree6 50. h4 Rf3 51. Rg2 Ref6 52. c5 bxc5
53. Ra5 Rc6 54. bxc5 Kd5 55. Ra4 e2+ 56. Kxe2 Re3+ 57. Kd2 Rxc5 58. g4 Rec3 59.
Ra2 d3 60. Rg3 Rc2+ 61. Rxc2 dxc2 62. Kc1 Ke4 63. gxh5 gxh5 64. Rg5 Rxg5 65.
hxg5 Kf5 66. Kxc2 h4 67. Kd2 h3 68. g6 Kxg6 69. Ke2 h2 70. Kf2 h1=Q 71. Ke3 Qh4
72. Kd3 Qf4 73. Ke2 Qg3 74. Kd2 Qf3 75. Kc2 Qe3 76. Kb2 Qd3 77. Ka2 Qb5 78. Ka3
Kf5 79. Ka2 Ke4 80. Ka3 Kd3 81. Ka2 Kc2 82. Ka3 Qb3# 0-1

[Event "DEM U10/U10w 2014"]
[Site "Magdeburg GER"]
[Date "2014.06.12"]
[Round "8"]
[White "Breitzmann, Sander"]
[Black "Yi, Danny"]
[Result "0-1"]
[Termination "normal"]
[Board "20"]
[WhiteElo "1220"]
[BlackElo "1369"]
[PlyCount "82"]
[WhiteFideId "12987085"]
[BlackFideId "12988588"]
[EventCountry "GER"]
[EventRounds "11"]
[EventType "swiss"]
[EventDate "2014.06.07"]

1. e4 e5 2. Nf3 Nc6 3. Bc4 Bc5 4. c3 Nf6 5. d3 d6 6. Nbd2 a6 7. Bb3 Ba7 8. Nf1
h6 9. Ng3 O-O 10. Nh4 Nxe4 11. Ng6 Nxf2 12. Qh5 Bg4 13. Qh4 Qxh4 14. Nxh4 Nxh1
15. Nxh1 Be6 16. Bc2 f5 17. Ng3 f4 18. Ne4 d5 19. Nd2 Rf6 20. Nhf3 Raf8 21. b3
g5 22. Ba3 R8f7 23. Bb2 g4 24. Ng1 Bxg1 25. c4 Be3 26. Nf1 Bd4 27. Bxd4 Nxd4
28. O-O-O Ne2+ 29. Kd2 f3 30. g3 d4 31. Re1 Rf5 32. a4 Nc3 33. Kc1 f2 34. Re4
Nxe4 35. dxe4 Rf3 36. Kd2 Re3 37. Bd3 Re1 38. Be2 b5 39. a5 bxc4 40. bxc4 Rxe2+
41. Kxe2 Bxc4+ 0-1